000 00910nam a2200289 i 4500
001 15302991
003 EG-ScBUE
005 20260119101445.0
008 080522t2008 nyu g 001 0 eng d
020 _a9783540682219 (hardcover : alk. paper)
040 _aDLC
_beng
_erda
_cDLC
_dEG-ScBUE
082 0 _220
_a551.55
_bBAK
100 1 _aBakunin, Oleg,
_eauthor.
_93113
245 1 0 _aTurbulence and diffusion :
_bscaling versus equations /
_cOleg G. Bakunin.
264 1 _aNew York :
_bSpringer,
_c[2008]
264 4 _cc2008
300 _axv, 265 pages ;
_c24 cm.
336 _2rdacontent
_atext
_btxt
337 _aunmediated
_2rdamedia
_bn
338 _avolume
_bnc
_2rdacarrier
490 0 _aSpringer series in synergetics
500 _aIncludes Index.
650 7 _93107
_aAtmospheric turbulence.
_2BUEsh
650 7 _93109
_aAtmospheric diffusion.
_2BUEsh
655 _vReading book
942 _2ddc
_cBB
999 _c11176
_d11176